期刊信息 |
| 索取号 |
Z89/3
|
| 题名 |
分析化学文摘
|
| 作者 |
中国科学技术情报研究所重庆分所
|
| 分册号 |
|
| 分册名 |
|
| 出版地 |
重庆
|
| 出版者 |
科学技术文献出版社重庆分社
|
| 标准刊号 |
1002-1345
|
| 出版频率 |
月刊
|
| 中图法分类 |
Z89
|
| 主题词 |
文摘; 索引
|
| 电子资源 | |
| |
|
| 000 | 00695nas0 2200217 45 | |
| 001 | 0161753479 | |
| 005 | 2001083017091333 | |
| 011 | @a1002-1345@dRMB 144.00 | |
| 091 | @aCN11-1804 | |
| 092 | @aCN@b2-28 | |
| 100 | @a20010830d km y0chiy0120 ea | |
| 101 | 0 | @achi |
| 200 | 1 | @a分析化学文摘@AFen Xi Hua Xue Wen Zhai@f中国科学技术情报研究所重庆分所@FZhong Guo Ke Xue Ji Shu Qing Bao Yan Jiu Suo Chong Qing Fen Suo |
| 210 | @a重庆@c科学技术文献出版社重庆分社 | |
| 326 | @a月刊 | |
| 606 | 0 | @a文摘 |
| 606 | 0 | @a索引 |
| 690 | @aZ89@v3 | |
| 711 | 0 | @a中国科学技术情报研究所重庆分所@AZhong Guo Ke Xue Ji Shu Qing Bao Yan Jiu Suo Chong Qing Fen Suo |
| 801 | 0 | @aCN@bPFT@c20010830 |
| 905 | @dZ89@e3 | |
| 分析化学文摘/中国科学技术情报研究所重庆分所.-重庆:科学技术文献出版社重庆分社 |
| ISSN 1002-1345:RMB 144.00 |
| ● |
| 相关链接: |
|
|
|